000 00618nam a2200205Ii 4500
003 JO-AjNU
008 230605s9999||||xx |||||||||||||| ||und||
017 _a2005/1/189
040 _aJO-AjNU
_bara
_erda
_cJO-AjNU
041 _aara
050 1 4 _aPJ7846 2005
100 3 _aتأليف ياسين،مظهر,
_eauthor
_915098
245 0 0 _aمرايا القلوب
264 3 1 _aعمان:أسرة الفن الأردني،2005
300 _a99ص
336 _atext
_btxt
_2rdacontent
337 _aunmediated
_bn
_2rdamedia
338 _avolume
_bnc
_2rdacarrier
650 4 _aالأدب العربي - خواطر
_915099
999 _aA4184
_c7752
_d7752